Plan by the Commissioners and Trustees for Improving Fisheries and Manufactures in Scotland : for the application of their funds under their management for three years, from Christmas 1739.

Bibliographic Details
Corporate Author: Great Britain. Board of Trustees for Manufactures (Scotland)
Format: eBook
Language:English
Published: [Edinburgh?] : [publisher not identified], [1740]
Series:Making of the modern world (Goldsmiths'-Kress Library of Economic Literature)
Subjects:
Online Access:Connect to the full text of this electronic book

MARC

Tag First Indicator Second Indicator Subfields
LEADER 00000cam a22000001a 4500
001 in00002322016
005 20190326205125.0
006 m | d |
007 cr |n||||||||n
008 010820s1740 stk s 000 0 eng d
040 |a TXA  |c TXA  |d OCLCQ  |d Thomson Gale  |d UtOrBLW 
043 |a e-uk-st 
110 1 |a Great Britain.  |b Board of Trustees for Manufactures (Scotland) 
245 1 0 |a Plan by the Commissioners and Trustees for Improving Fisheries and Manufactures in Scotland :  |b for the application of their funds under their management for three years, from Christmas 1739. 
264 1 |a [Edinburgh?] :  |b [publisher not identified],  |c [1740] 
300 |a 8 pages ;  |c 19 cm. 
336 |a text  |b txt  |2 rdacontent 
337 |a computer  |b c  |2 rdamedia 
338 |a online resource  |b cr  |2 rdacarrier 
500 |a Half title. 
500 |a Dated at end: Edinburgh, June 6, 1740. 
500 |a Reproduction of original from Goldsmiths' Library, University of London. 
500 |a Goldsmiths'-Kress number 07738.1. 
510 4 |a OCLC,  |c 47807287 
533 |a Electronic reproduction.  |b Farmington Hills, Mich. :  |c Thomson Gale,  |d 2005.  |f (The making of the modern world).  |n Available via the World Wide Web.  |n Access limited to licensing agreements.  |7 s2005 miunns 
500 |a Electronic resource. 
650 0 |a Fisheries  |z Scotland  |v Early works to 1800. 
650 0 |a Linen industry  |z Scotland  |v Early works to 1800. 
650 0 |a Hemp industry  |z Scotland  |v Early works to 1800. 
655 0 |a Electronic books. 
830 0 |a Making of the modern world (Goldsmiths'-Kress Library of Economic Literature) 
856 4 0 |u http://proxy.library.tamu.edu/login?url=http://galenet.galegroup.com/servlet/MOME?af=RN&ae=U109742428&srchtp=a&ste=14&locID=txshracd2898  |z Connect to the full text of this electronic book  |t 0 
999 |a MARS 
999 f f |s 8c1f63c2-0532-3508-8f27-d9818aa7486c  |i ccb8b36c-09db-3a1e-b173-c95b05573e61  |t 0 
952 f f |a Texas A&M University  |b College Station  |c Electronic Resources  |d Available Online  |t 0  |h No information provided 
998 f f |t 0  |l Available Online